| 000 | 00518nam a22001697a 4500 | ||
|---|---|---|---|
| 005 | 20091022120212.0 | ||
| 008 | 091022t xxu||||| |||| 00| 0 eng d | ||
| 020 | _a81-264-1507-x | ||
| 080 |
_aFM _bUNK/M |
||
| 100 |
_aUnni, K.P. _98042 |
||
| 245 | _aMathangi farm | ||
| 260 |
_aKottayam _bDC Books _c2007 _98023 |
||
| 300 | _a176p. | ||
| 653 | _aFiction-Malayalam literature | ||
| 942 | _cBK | ||
| 952 |
_w2009-10-22 _p00059058 _r2012-08-01 _40 _00 _bUL _10 _oFM UNK/M _d2009-10-22 _70 _2udc _yBK _s2012-07-17 _l2 _aUL |
||
| 999 |
_c9144 _d9143 |
||